| 000 | 00462nam a22001697a 4500 | ||
|---|---|---|---|
| 003 | CEME | ||
| 005 | 20210628201627.0 | ||
| 008 | 210212b xxu||||| |||| 00| 0 eng d | ||
| 020 | _a1-85573-406-0 | ||
| 040 | _c. | ||
| 082 | _a620.118 STA | ||
| 100 |
_aStarr, Mary Starr, Trevor _956079 |
||
| 245 | _aThermoset resins for composites directory and databook | ||
| 260 |
_aCREWKERNE _bWOODHEAD PUBLISHER _c1998 |
||
| 650 |
_aCOMPOSITES _947226 |
||
| 942 |
_cBK _2ddc |
||
| 999 |
_c566606 _d566606 |
||